000 01424cam a22004097a 4500
003 CHAP
005 20220817043551.0
008 990813d1996 it ab rn 00110 eng d
010 _a78706
011 _a79678
020 _a9251037426
035 _a90063
040 _cCHAP
082 0 4 _a639.309688
_bF3 v.10
110 2 _aFAO
245 1 4 _aThe living marine resources of Somalia
_c/by Corinna Sommer, Wolfgang Schneider and Jean-Maurice Poutiers
260 _aRome :
_bFAO,
_c1996.
300 _a376 p. :
_bilus. ; gráfs. ; mapas
410 2 _aFAO
490 0 _aGuía para la identificación de especies para los fines de la pesca
_v; 10
590 _aBATCH-UPD
_b10
_c20130110
_lUCH01
_h0550
590 _aBATCH-UPD
_b10
_c20130110
_lUCH01
_h2258
590 _aBATCH-UPD
_b10
_c20130410
_lUCH01
_h0232
590 _aBATCH-UPD
_b10
_c20130914
_lUCH01
_h1345
590 _aCONVERSION
_b10
_c20130109
_lUCH01
_h1344
650 1 4 _aFauna marina
_xSomalia.
_939848
650 1 4 _aRecursos marinos
_xSomalia.
_995164
700 0 _aPoutiers, Jean-Maurice.
_991163
700 0 _aSchneider, Wolfgang.
_9103103
700 0 _aSommer, Corinna.
_9108550
810 0 _aFAO
830 0 _aGuía para la identificación de especies para los fines de la pesca
_v; 10
_951494
901 _aBK
905 _aLilia Sánchez G.
942 _cLIBRO
949 _a639.309688 F3 v.10
_bBC
_cFAO
_d33724000737367
_eFAO1
_h96153
_i90063
_kDonaciØn
_st
999 _c78706
_d78706